<?xml version="1.0" encoding="UTF-8"?>
<record
    xmlns:xsi="http://www.w3.org/2001/XMLSchema-instance"
    xsi:schemaLocation="http://www.loc.gov/MARC21/slim http://www.loc.gov/standards/marcxml/schema/MARC21slim.xsd"
    xmlns="http://www.loc.gov/MARC21/slim">

  <leader>01084nam0a2200301   4500</leader>
  <controlfield tag="001">RU\NLR\ONL2\10561</controlfield>
  <controlfield tag="005">20250613130859.0</controlfield>
  <datafield tag="010" ind1=" " ind2=" ">
    <subfield code="a">978-5-94423-145-1</subfield>
    <subfield code="9">500</subfield>
  </datafield>
  <datafield tag="035" ind1=" " ind2=" ">
    <subfield code="a">(NLR Aleph) 009658150</subfield>
  </datafield>
  <datafield tag="090" ind1=" " ind2=" ">
    <subfield code="a">9600287</subfield>
    <subfield code="c">9600287</subfield>
  </datafield>
  <datafield tag="100" ind1=" " ind2=" ">
    <subfield code="a">20080901d2008    |||y0rusy50      ca</subfield>
  </datafield>
  <datafield tag="101" ind1="0" ind2=" ">
    <subfield code="a">bak</subfield>
    <subfield code="a">rus</subfield>
  </datafield>
  <datafield tag="102" ind1=" " ind2=" ">
    <subfield code="a">RU</subfield>
  </datafield>
  <datafield tag="105" ind1=" " ind2=" ">
    <subfield code="a">a |||||||||</subfield>
  </datafield>
  <datafield tag="200" ind1="1" ind2=" ">
    <subfield code="a">&#x419;&#x44D;&#x439;&#x433;&#x43E;&#x440; &#x442;&#x4E9;&#xE7;&#x4E9;</subfield>
    <subfield code="d">&#x426;&#x432;&#x435;&#x442; &#x440;&#x430;&#x434;&#x443;&#x433;&#x438;</subfield>
    <subfield code="e">&#x448;&#x438;&#x433;&#x44B;&#x440;&#x437;&#x430;&#x440;</subfield>
    <subfield code="f">&#x421;&#x438;&#x431;&#x430;&#x439; k&#x430;&#x43B;&#x430;h&#x44B; k. &#x43E;&#x43A;&#x440;&#x443;&#x433;&#x44B; &#x445;&#x430;&#x43A;&#x438;&#x43C;&#x438;&#x44D;&#x442;&#x435;, &#x421;&#x438;&#x431;&#x430;&#x439; &#x44F;&#x437;&#x44B;&#x443;&#x441;&#x44B;&#x43B;&#x430;&#x440; &#x43E;&#x439;&#x43E;&#x448;&#x43C;&#x430;h&#x44B;</subfield>
    <subfield code="g">[&#x442;&#x4E9;&#x437;. &#x41A;. &#x418;. &#x423;&#x441;&#x43C;&#x430;&#x43D;&#x43E;&#x432;&#x430;]</subfield>
  </datafield>
  <datafield tag="210" ind1=" " ind2=" ">
    <subfield code="a">&#x423;&#x444;&#x430;</subfield>
    <subfield code="c">&#x414;&#x438;&#x437;&#x430;&#x439;&#x43D;&#x41F;&#x43E;&#x43B;&#x438;&#x433;&#x440;&#x430;&#x444;&#x421;&#x435;&#x440;&#x432;&#x438;&#x441;</subfield>
    <subfield code="d">2008</subfield>
  </datafield>
  <datafield tag="215" ind1=" " ind2=" ">
    <subfield code="a">157 &#x431;., [16] &#x43B;. &#x446;&#x432;. &#x444;&#x43E;&#x442;.</subfield>
    <subfield code="c">&#x43F;&#x43E;&#x440;&#x442;&#x440;.</subfield>
    <subfield code="d">21</subfield>
  </datafield>
  <datafield tag="300" ind1=" " ind2=" ">
    <subfield code="a">&#x422;&#x435;&#x43A;&#x441;&#x442; &#x431;&#x430;&#x448;&#x43A;., &#x440;&#x443;&#x441;.</subfield>
  </datafield>
  <datafield tag="541" ind1="1" ind2=" ">
    <subfield code="a">&#x426;&#x432;&#x435;&#x442; &#x440;&#x430;&#x434;&#x443;&#x433;&#x438;</subfield>
    <subfield code="e">&#x441;&#x431;. &#x441;&#x442;&#x438;&#x445;&#x43E;&#x432;.</subfield>
    <subfield code="z">rus</subfield>
  </datafield>
  <datafield tag="686" ind1="1" ind2=" ">
    <subfield code="a">&#x428;6(2=&#x411;&#x430;&#x448;)7-5</subfield>
  </datafield>
  <datafield tag="702" ind1=" " ind2="1">
    <subfield code="a">&#x423;&#x441;&#x43C;&#x430;&#x43D;&#x43E;&#x432;&#x430;</subfield>
    <subfield code="b">&#x41A;. &#x418;.</subfield>
    <subfield code="4">220</subfield>
  </datafield>
  <datafield tag="801" ind1=" " ind2="0">
    <subfield code="a">RU</subfield>
    <subfield code="b">NLR</subfield>
    <subfield code="c">20080901</subfield>
    <subfield code="g">PSBO</subfield>
  </datafield>
  <datafield tag="852" ind1=" " ind2=" ">
    <subfield code="a">NLR</subfield>
    <subfield code="b">&#x41E;&#x41D;&#x41B;</subfield>
    <subfield code="j">&#x411;&#x430;&#x448;&#x43A;./3-5048</subfield>
  </datafield>
  <datafield tag="942" ind1=" " ind2=" ">
    <subfield code="c">BOOK</subfield>
  </datafield>
  <datafield tag="980" ind1=" " ind2=" ">
    <subfield code="a">NB</subfield>
  </datafield>
  <datafield tag="980" ind1=" " ind2=" ">
    <subfield code="a">ONL_RF</subfield>
  </datafield>
  <datafield tag="995" ind1=" " ind2=" ">
    <subfield code="5">2013-10-26</subfield>
    <subfield code="b">NLR01</subfield>
    <subfield code="c">NLR01</subfield>
    <subfield code="e">ONL</subfield>
    <subfield code="f">9658150-10</subfield>
    <subfield code="k">&#x411;&#x430;&#x448;&#x43A;./3-5048</subfield>
    <subfield code="o">0</subfield>
    <subfield code="r">BOOK</subfield>
    <subfield code="s">35048_</subfield>
  </datafield>
</record>
